000 00524nam a2200157 i 4500
001 39332
003 ES-MaACL
005 20230906155941.0
007 t|
008 030227s1834 xxk ||||1| eng d
100 1 _aCameron, John.
_934064
245 1 4 _aThe skleleton of British Neolitic man
_b: including a comparison with that of other prehistoire periods and more modern tinus /
_cby John Cameron.
260 _aLondon :
_b[s.n.,
_c1834] (
_fUnwin Brothers Lim)
300 _a272 p. ;
_c22 cm.
852 _aES-MaACL
_jA-4624
999 _c39332
_d39332